LEADER 01909nam 2200577Ia 450 001 9910455709903321 005 20200520144314.0 010 $a1-280-17957-0 010 $a9786610179572 010 $a0-309-52608-6 035 $a(CKB)111087027008946 035 $a(SSID)ssj0000217217 035 $a(PQKBManifestationID)11173281 035 $a(PQKBTitleCode)TC0000217217 035 $a(PQKBWorkID)10203090 035 $a(PQKB)11464689 035 $a(MiAaPQ)EBC3375839 035 $a(Au-PeEL)EBL3375839 035 $a(CaPaEBR)ebr10046889 035 $a(OCoLC)923259231 035 $a(EXLCZ)99111087027008946 100 $a20040319d2003 uy 0 101 0 $aeng 135 $aurcn||||||||| 181 $ctxt 182 $cc 183 $acr 200 00$aOwner-authorized handguns$b[electronic resource] $ea workshop summary /$fLance A. Davis and Greg Pearson, editors ; National Academy of Engineering of the National Academies 210 $aWashington, D.C. $cNational Academies Press$dc2003 215 $avii, 67 p 300 $aSummary of a workshop convened June 2, 2002 by the National Academy of Engineering in Washington, D.C. 311 $a0-309-08975-1 320 $aIncludes bibliographical references. 606 $aGun control$zUnited States$vCongresses 606 $aFirearms$zUnited States$vCongresses 606 $aFirearms$xSafety measures$vCongresses 606 $aFirearms$xDesign and construction$vCongresses 608 $aElectronic books. 615 0$aGun control 615 0$aFirearms 615 0$aFirearms$xSafety measures 615 0$aFirearms$xDesign and construction 701 $aDavis$b Lance A$0981572 701 $aPearson$b Greg$0873701 801 0$bMiAaPQ 801 1$bMiAaPQ 801 2$bMiAaPQ 906 $aBOOK 912 $a9910455709903321 996 $aOwner-authorized handguns$92447293 997 $aUNINA LEADER 04005nam 2200757 450 001 9910282241103321 005 20201016235151.0 010 $a2-7606-2977-5 010 $a979-1-03-650386-3 010 $a2-7606-2462-5 024 7 $a10.4000/books.pum.23123 035 $a(CKB)2470000000002228 035 $a(EBL)3248925 035 $a(SSID)ssj0000735062 035 $a(PQKBManifestationID)11378047 035 $a(PQKBTitleCode)TC0000735062 035 $a(PQKBWorkID)10744103 035 $a(PQKB)11031477 035 $a(CaPaEBR)407208 035 $a(CaBNvSL)slc00213893 035 $a(MiAaPQ)EBC3248925 035 $a(MiAaPQ)EBC4750325 035 $a(FrMaCLE)OB-pum-23123 035 $a(oapen)https://directory.doabooks.org/handle/20.500.12854/49350 035 $a(PPN)230001394 035 $a(VaAlCD)20.500.12592/b3d9xp 035 $a(schport)gibson_crkn/2009-12-01/3/407208 035 $a(EXLCZ)992470000000002228 100 $a20161213h20052005 uy 0 101 0 $afre 135 $aur|n|---||||| 181 $ctxt 182 $cc 183 $acr 200 00$aHistoire du livre et de l'imprime au Canada$hVolume 2$iDe 1840 a 1918 /$fDirecteurs, Yvan Lamonde, Patricia Lockhart, Fiona A. Black 210 $cPresses de l?Université de Montréal$d2005 210 1$aMontreal, [Quebec Province] :$cLes Presses de l'Universite de Montreal,$d2005. 210 4$d©2005 215 $a1 online resource (725 p.) 300 $aIncludes index. 311 $a2-7606-1973-7 320 $aComprend des re?f. bibliogr. et un index. 327 $a""Quand les gouvernements deviennent imprimeurs"" 330 $aEntre 1840 et 1918, l?imprimé et le livre, qui avaient déjà contribué à l?élaboration de l?histoire et de l?identité du peuple canadien, deviennent désormais les médias de communication prédominants. Plus que jamais la culture de l?imprimé participe aux transformations qui métamorphoseront la colonie en véritable État, unifiant les peuples qui le composent. C?est cette synergie qui constituera l?un des aspects historiques et culturels les plus fascinants de cette période qui est au centre de ce deuxième volume de l?Histoire du livre et de l?imprimé au Canada. L?expansion du territoire canadien grâce à l?immigration massive, sa traversée par le chemin de fer et par la télégraphie renouvellent entièrement la dynamique de l?imprimé, de Terre-Neuve à Dawson City. Après 1880, l?imprimé de masse voit le jour grâce à la nouvelle technologie qui permet d?imprimer plus rapidement et à moindre coût, et grâce à la constitution de nouveaux marchés desservis par les librairies. Du missel au journal en passant par le livre de recette, le catalogue d?Eaton et l?almanach, les Canadiens sont dorénavant en contact quotidien avec cet objet matériel qu?est l?imprimé. Dans ce contexte, l?auteur émerge lentement, soutenu par un marché de distribution à l?échelle nord-américaine, par un nombre croissant de bibliothèques publiques et par des droits conquis pour la protection de son ?uvre et sa diffusion. 606 $aBook industries and trade$zCanada$xHistory 606 $aBook industries and trade$xSocial aspects$zCanada 606 $aBooks and reading$zCanada$xHistory 610 $ahistoire du livre 610 $aimprimerie 610 $aédition 615 0$aBook industries and trade$xHistory. 615 0$aBook industries and trade$xSocial aspects 615 0$aBooks and reading$xHistory. 676 $a002/.0971 700 $aYvan Lamonde$4auth$0705717 702 $aLamonde$b Yvan 702 $aLockhart$b Patricia 702 $aBlack$b Fiona A. 712 02$aProjet d'histoire du livre et de l'imprime? au Canada. 801 0$bMiAaPQ 801 1$bMiAaPQ 801 2$bMiAaPQ 906 $aBOOK 912 $a9910282241103321 996 $aHistoire du livre et de l'imprime au Canada$93087968 997 $aUNINA